Bone Marrow Diagnosis (Record no. 16539)
[ view plain ]
| 000 -LEADER | |
|---|---|
| fixed length control field | 00372nam a22001577a 4500 |
| 003 - CONTROL NUMBER IDENTIFIER | |
| control field | OSt |
| 005 - DATE AND TIME OF LATEST TRANSACTION | |
| control field | 20170105103444.0 |
| 008 - FIXED-LENGTH DATA ELEMENTS--GENERAL INFORMATION | |
| fixed length control field | 120508t xxu||||| |||| 00| 0 eng d |
| 020 ## - INTERNATIONAL STANDARD BOOK NUMBER | |
| International Standard Book Number | 9781405135610 |
| 040 ## - CATALOGING SOURCE | |
| Transcribing agency | ASAB |
| 100 ## - MAIN ENTRY--PERSONAL NAME | |
| Personal name | David Brown, Kevin Gatter |
| 9 (RLIN) | 272 |
| 245 ## - TITLE STATEMENT | |
| Title | Bone Marrow Diagnosis |
| 300 ## - PHYSICAL DESCRIPTION | |
| Extent | 216 |
| 650 ## - SUBJECT ADDED ENTRY--TOPICAL TERM | |
| Topical term or geographic name entry element | Bone Marrow Diagnosis |
| 9 (RLIN) | 273 |
| 942 ## - ADDED ENTRY ELEMENTS (KOHA) | |
| Source of classification or shelving scheme | |
| Koha item type | Book |
| Withdrawn status | Lost status | Source of classification or shelving scheme | Damaged status | Not for loan | Collection code | Permanent Location | Current Location | Date acquired | Total Checkouts | Full call number | Barcode | Date last seen | Price effective from | Koha item type | Copy number |
|---|---|---|---|---|---|---|---|---|---|---|---|---|---|---|---|
| Atta-ur-Rahman School of Applied Biosciences (ASAB) | Atta-ur-Rahman School of Applied Biosciences (ASAB) | 12/03/2013 | 616.410 BRO | ASAB469 | 12/03/2013 | 12/03/2013 | Book | ||||||||
| Atta-ur-Rahman School of Applied Biosciences (ASAB) | Atta-ur-Rahman School of Applied Biosciences (ASAB) | 05/08/2012 | 616.410, BRO | ASAB776 | 05/08/2012 | 05/08/2012 | Book | Photocopy | |||||||
| Atta-ur-Rahman School of Applied Biosciences (ASAB) | Atta-ur-Rahman School of Applied Biosciences (ASAB) | 05/08/2012 | 616.410, BRO | ASAB777 | 05/08/2012 | 05/08/2012 | Book | Photocopy | |||||||
| Atta-ur-Rahman School of Applied Biosciences (ASAB) | Atta-ur-Rahman School of Applied Biosciences (ASAB) | 05/08/2012 | 616.410, BRO | ASAB778 | 05/08/2012 | 05/08/2012 | Book | Photocopy | |||||||
| Atta-ur-Rahman School of Applied Biosciences (ASAB) | Atta-ur-Rahman School of Applied Biosciences (ASAB) | 05/08/2012 | 616.410, BRO | ASAB779 | 05/08/2012 | 05/08/2012 | Book | Photocopy | |||||||
| Atta-ur-Rahman School of Applied Biosciences (ASAB) | Atta-ur-Rahman School of Applied Biosciences (ASAB) | 05/08/2012 | 616.410, BRO | ASAB775 | 05/08/2012 | 05/08/2012 | Book | Photocopy |
